000
00272nam a22001217a 4500
008
170426b xxu||||| |||| 00| 0 eng d
041
_a
eng
080
_a
54
100
_a
12
101
_a
SHM
245
_a
PHYSICAL CONSTANTS OF HYDROCARBONS
_c
EGLOFF, G
942
_2
udc
_c
BK
999
_c
12135
_d
12135